| 000 | 00601nam a22001937a 4500 | ||
|---|---|---|---|
| 999 |
_c16626 _d16626 |
||
| 008 | 180131b xxu||||| |||| 00| 0 eng d | ||
| 020 | _a8122430981 | ||
| 040 |
_aKABU _cKABU |
||
| 050 |
_aTK7874 _b.C46 2010 c. 1 |
||
| 100 | _aChoudhury, D. Roy | ||
| 245 |
_aLinear integrated circuits _cD. Roy Choudhury, Shail B. Jain |
||
| 250 |
_a4th ed. _bmulti color |
||
| 260 |
_aNew Delhi _bNew age international (P) limited _c2010 |
||
| 300 | _axii, 384 p. | ||
| 650 | _aLinear integrated circuits | ||
| 650 | _aElectronic control | ||
| 700 | _aJain, Shail B. | ||
| 942 |
_2lcc _cBK _e4th ed. _hTK7874 |
||